[Event "Pardubice Czech op-A 32nd"]
[Site "Pardubice"]
[Date "2021.07.30"]
[Round "8"]
[White "Seidler, Lukas"]
[Black "Frank, Adam"]
[Result "1-0"]
[WhiteElo "2185"]
[BlackElo "2237"]
[PlyCount "125"]
[EventDate "2021.07.23"]
[EventType "swiss"]
[EventRounds "9"]
[EventCountry "CZE"]
[SourceTitle "CBM 203 Extra"]
[Source "ChessBase"]
[SourceDate "2021.09.30"]
[SourceVersion "1"]
[SourceVersionDate "2021.09.30"]
[SourceQuality "1"]

1. e4 d6 2. d4 Nf6 3. Nc3 g6 4. Be3 Ng4 5. Bc1 Nf6 6. Be3 c6 7. h3 b5 8. e5 dxe5 9. dxe5 Qxd1+ 10. Rxd1 Nfd7 11. f4 Bg7 12. Nf3 Nb6 13. a3 Bb7 14. Kf2 0-0 15. Ne4 N8d7 16. Be2 Nd5 17. c4 bxc4 18. Bxc4 N7b6 19. Bb3 Rac8 20. Nc5 Ba8 21. Bd2 Rfd8 22. Rc1 Nd7 23. Bxd5 Nxc5 24. Bxf7+ Kxf7 25. Rxc5 h6 26. Be3 a6 27. Rhc1 Rb8 28. b4 Rd3 29. R5c3 Rbd8 30. Ke2 R3d5 31. Bc5 e6 32. h4 Bf8 33. R1c2 Bxc5 34. Rxc5 Rd1 35. Rd2 R8xd2+ 36. Nxd2 Rh1 37. g3 Ra1 38. Ra5 c5 39. Rxa6 Bd5 40. Ra7+ Kf8 41. bxc5 Rc1 42. Kd3 Rxc5 43. Ne4 Rc1 44. Nf6 Bh1 45. Kd4 h5 46. a4 Rd1+ 47. Kc5 Rd3 48. a5 Bg2 49. a6 Rc3+ 50. Kb4 Rxg3 51. Rd7 Rf3 52. Rd4 Rf1 53. a7 Ra1 54. Rd8+ Kf7 55. Rd7+ Kf8 56. Kb3 Rf1 57. a8Q+ Bxa8 58. Rd8+ Kf7 59. Rxa8 Rxf4 60. Ra7+ Kf8 61. Ra4 Rxa4 62. Kxa4 g5 63. Nh7+ 1-0

[Event "GER-chT Betriebe 17th"]
[Site "Berlin"]
[Date "2017.11.05"]
[Round "7.2"]
[White "Seidler, Lukas"]
[Black "Rohne, Lars"]
[Result "1-0"]
[WhiteElo "2185"]
[BlackElo "2145"]
[PlyCount "41"]
[EventDate "2017.11.02"]
[EventType "team-swiss"]
[EventRounds "7"]
[EventCountry "GER"]
[SourceTitle "EXT 2020"]
[Source "ChessBase"]
[SourceDate "2019.10.17"]
[SourceVersion "1"]
[SourceVersionDate "2019.10.17"]
[SourceQuality "1"]
[WhiteTeam "Wiesbaden R+V Versicherung"]
[BlackTeam "Leipzig Publishing Services"]
[WhiteTeamCountry "GER"]
[BlackTeamCountry "GER"]

1. e4 g6 2. d4 Bg7 3. Nc3 d6 4. Be3 a6 5. Qd2 Nd7 6. a4 b6 7. h4 Ndf6 8. f3 h5 9. Nh3 Bxh3 10. Rxh3 Bh6 11. Bg5 c6 12. Rd1 Qc7 13. Qe3 e6 14. Be2 d5 15. Kf2 dxe4 16. fxe4 b5 17. Kg1 0-0-0 18. d5 Ng4 19. Qd4 Bxg5 20. hxg5 e5 21. Qc5 1-0

[Event "Oberliga Sued W 1617"]
[Site "Germany"]
[Date "2017.03.19"]
[Round "8.2"]
[White "Seidler, Lukas"]
[Black "Sahm, Philipp"]
[Result "1-0"]
[WhiteElo "2176"]
[BlackElo "2079"]
[PlyCount "63"]
[EventDate "2016.09.25"]
[EventType "team-tourn"]
[EventRounds "9"]
[EventCountry "GER"]
[SourceTitle "EXT 2018"]
[Source "ChessBase"]
[SourceDate "2017.10.13"]
[SourceVersion "1"]
[SourceVersionDate "2017.10.13"]
[SourceQuality "1"]
[WhiteTeam "Schott Mainz"]
[BlackTeam "Winterbach Turm"]
[WhiteTeamCountry "GER"]
[BlackTeamCountry "GER"]

1. e4 c5 2. Nf3 g6 3. d4 cxd4 4. Nxd4 Bg7 5. Nc3 Nc6 6. Be3 Nf6 7. Bc4 0-0 8. Bb3 a5 9. 0-0 d6 10. h3 Nd7 11. a3 Nc5 12. Bd5 Bd7 13. Qd2 Rc8 14. Rad1 Re8 15. Rfe1 a4 16. Nde2 Qa5 17. f4 Be6 18. Kh1 Red8 19. g4 Bxd5 20. exd5 Nb8 21. Nd4 e6 22. Ndb5 e5 23. f5 Rd7 24. Rf1 Qd8 25. Qf2 f6 26. Nxd6 Rxd6 27. Bxc5 Rxc5 28. Qxc5 Bf8 29. fxg6 hxg6 30. Qc4 Nd7 31. Ne4 Nb6 32. Qa2 1-0

[Event "Oberliga Sued W 1617"]
[Site "Germany"]
[Date "2017.01.15"]
[Round "5.4"]
[White "Seidler, Lukas"]
[Black "Muranyi, Karl Jasmin"]
[Result "0-1"]
[WhiteElo "2176"]
[BlackElo "2328"]
[PlyCount "88"]
[EventDate "2016.09.25"]
[EventType "team-tourn"]
[EventRounds "9"]
[EventCountry "GER"]
[SourceTitle "EXT 2018"]
[Source "ChessBase"]
[SourceDate "2017.10.13"]
[SourceVersion "1"]
[SourceVersionDate "2017.10.13"]
[SourceQuality "1"]
[WhiteTeam "Schott Mainz"]
[BlackTeam "Landau"]
[WhiteTeamCountry "GER"]
[BlackTeamCountry "GER"]

1. e4 c6 2. d4 d5 3. Nc3 g6 4. Nf3 Bg7 5. Be2 Bg4 6. 0-0 Nf6 7. e5 Ne4 8. Nb1 f6 9. h3 Bxf3 10. gxf3 Ng5 11. f4 Nf7 12. a4 0-0 13. Ra3 Nh6 14. Nd2 Na6 15. Nf3 Nc7 16. Nh4 Ne6 17. f5 Nxf5 18. Nxf5 gxf5 19. Rg3 fxe5 20. dxe5 Kh8 21. Kh1 Bxe5 22. f4 Bf6 23. b4 Rg8 24. Rxg8+ Qxg8 25. Bd3 Ng7 26. Rg1 Qf7 27. Qf3 a6 28. Be3 Rg8 29. b5 axb5 30. axb5 e6 31. Bf2 Ne8 32. Rb1 Nd6 33. bxc6 bxc6 34. Rb6 Qc7 35. c4 Ne4 36. Ra6 Qg7 37. Ra7 Nxf2+ 38. Qxf2 Qg3 39. Qxg3 Rxg3 40. Bf1 Bd4 41. Ra8+ Kg7 42. Kh2 Rf3 43. Bg2 Rxf4 44. Ra6 Be5 0-1

[Event "GER-chT Betriebe 16th"]
[Site "Dresden"]
[Date "2016.11.06"]
[Round "7.2"]
[White "Moehn, Hans"]
[Black "Seidler, Lukas"]
[Result "1-0"]
[WhiteElo "2386"]
[BlackElo "2196"]
[PlyCount "97"]
[EventDate "2016.11.03"]
[EventType "team-swiss"]
[EventRounds "7"]
[EventCountry "GER"]
[SourceTitle "EXT 2020"]
[Source "ChessBase"]
[SourceDate "2019.10.17"]
[SourceVersion "1"]
[SourceVersionDate "2019.10.17"]
[SourceQuality "1"]
[WhiteTeam "Meissen UKA"]
[BlackTeam "Wiesbaden R+V Versicherung"]
[WhiteTeamCountry "GER"]
[BlackTeamCountry "GER"]

1. d4 Nf6 2. c4 e6 3. Nc3 Bb4 4. e3 c5 5. a3 Bxc3+ 6. bxc3 0-0 7. Bd3 d5 8. cxd5 exd5 9. Ne2 Nc6 10. 0-0 c4 11. Bc2 b5 12. f3 a5 13. e4 dxe4 14. fxe4 Nh5 15. Nf4 Nxf4 16. Bxf4 Ra7 17. Qh5 Rb7 18. e5 g6 19. Qf3 Ne7 20. Bg5 Qb6 21. Be4 Nf5 22. g4 Ng7 23. Bf6 Rc7 24. Qf4 Qe6 25. Rab1 b4 26. axb4 a4 27. h3 Bb7 28. Bxb7 Rxb7 29. Bxg7 Kxg7 30. Qf6+ Kg8 31. Qxe6 fxe6 32. Rxf8+ Kxf8 33. Ra1 Ra7 34. b5 a3 35. b6 Ra6 36. Rxa3 Rxb6 37. Ra8+ Kg7 38. Rc8 Rb2 39. g5 h6 40. Rc7+ Kg8 41. gxh6 Rc2 42. d5 exd5 43. e6 Rxc3 44. Rc8+ Kh7 45. e7 Re3 46. e8Q Rxe8 47. Rxe8 c3 48. Rc8 d4 49. Rc4 1-0

[Event "GER-chT Betriebe 16th"]
[Site "Dresden"]
[Date "2016.11.03"]
[Round "2.2"]
[White "Hein, Ralf"]
[Black "Seidler, Lukas"]
[Result "1-0"]
[WhiteElo "2047"]
[BlackElo "2196"]
[PlyCount "87"]
[EventDate "2016.11.03"]
[EventType "team-swiss"]
[EventRounds "7"]
[EventCountry "GER"]
[SourceTitle "EXT 2020"]
[Source "ChessBase"]
[SourceDate "2019.10.17"]
[SourceVersion "1"]
[SourceVersionDate "2019.10.17"]
[SourceQuality "1"]
[WhiteTeam "Hamburg Baubehoerde"]
[BlackTeam "Wiesbaden R+V Versicherung"]
[WhiteTeamCountry "GER"]
[BlackTeamCountry "GER"]

1. c4 e5 2. Nc3 Nf6 3. g3 d5 4. cxd5 Nxd5 5. Bg2 Nb6 6. d3 Be7 7. f4 exf4 8. Bxf4 0-0 9. Nf3 Nc6 10. 0-0 Be6 11. Rc1 f6 12. a3 a5 13. d4 a4 14. Nb5 Nd5 15. e4 Nxf4 16. gxf4 Bb3 17. Qe2 Rc8 18. d5 Na5 19. Bh3 f5 20. Bxf5 Rxf5 21. exf5 Bxd5 22. Rfd1 Bf6 23. Nc3 Bxc3 24. Rxc3 c6 25. Qe5 Qb6+ 26. Kg2 Nc4 27. Rxc4 Bxc4 28. Rd7 Bf7 29. Rxf7 Kxf7 30. Qe6+ Kf8 31. Qxc8+ Ke7 32. Qe6+ Kf8 33. Qd6+ Kg8 34. Qe5 Qd8 35. Kg3 h6 36. Qe6+ Kh8 37. Qe4 Qd7 38. Ne5 Qd1 39. Ng6+ Kh7 40. Nh4 Qb3+ 41. Nf3 Qxb2 42. f6+ Kg8 43. Qe8+ Kh7 44. f7 1-0

[Event "BL2-Sued 1516"]
[Site "Germany"]
[Date "2016.04.24"]
[Round "2.8"]
[White "Seidler, Lukas"]
[Black "Genzling, Alain"]
[Result "0-1"]
[WhiteElo "2206"]
[BlackElo "2375"]
[PlyCount "50"]
[EventDate "2015.09.20"]
[EventType "team-tourn"]
[EventRounds "9"]
[EventCountry "GER"]
[SourceTitle "EXT 2017"]
[Source "ChessBase"]
[SourceDate "2016.10.25"]
[SourceVersion "1"]
[SourceVersionDate "2016.10.25"]
[SourceQuality "1"]
[WhiteTeam "Schott Mainz"]
[BlackTeam "Baden-Baden II"]
[WhiteTeamCountry "GER"]
[BlackTeamCountry "GER"]

1. e4 c5 2. Nf3 Nc6 3. d4 cxd4 4. Nxd4 g6 5. Nc3 Bg7 6. Be3 Nf6 7. Bc4 Qa5 8. 0-0 0-0 9. Bb3 d6 10. h3 Bd7 11. Nd5 Nxe4 12. Nxc6 bxc6 13. Nxe7+ Kh8 14. f3 Qe5 15. fxe4 Qxe7 16. Bf4 Be5 17. Bxe5+ Qxe5 18. Bxf7 Kg7 19. Bb3 Bxh3 20. Qd3 Qc5+ 21. Kh2 Bg4 22. Rae1 Rae8 23. Qg3 Rxf1 24. Rxf1 Be6 25. Rd1 Qh5+ 0-1

[Event "Oberliga Sued W 1516"]
[Site "Germany"]
[Date "2016.02.21"]
[Round "7.6"]
[White "Seidler, Lukas"]
[Black "Brueckner, Eike"]
[Result "1/2-1/2"]
[WhiteElo "2207"]
[BlackElo "2106"]
[PlyCount "154"]
[EventDate "2015.09.20"]
[EventType "team-tourn"]
[EventRounds "9"]
[EventCountry "GER"]
[SourceTitle "EXT 2017"]
[Source "ChessBase"]
[SourceDate "2016.10.25"]
[SourceVersion "1"]
[SourceVersionDate "2016.10.25"]
[SourceQuality "1"]
[WhiteTeam "Schott Mainz II"]
[BlackTeam "Gau Algesheim"]
[WhiteTeamCountry "GER"]
[BlackTeamCountry "GER"]

1. e4 c5 2. Nf3 d6 3. d4 cxd4 4. Nxd4 Nf6 5. Nc3 a6 6. Be3 Ng4 7. Bg5 h6 8. Bh4 g5 9. Bg3 Bg7 10. h3 Ne5 11. f3 Nbc6 12. Bf2 Nxd4 13. Bxd4 Be6 14. Qd2 Bf6 15. 0-0-0 Rc8 16. Kb1 Qc7 17. h4 b5 18. hxg5 hxg5 19. Rxh8+ Bxh8 20. Be3 Nc4 21. Bxc4 Qxc4 22. Nd5 Bxd5 23. exd5 Bf6 24. Rc1 g4 25. Bg5 Bxg5 26. Qxg5 Rc5 27. Re1 Qxc2+ 28. Ka1 e6 29. a3 Kd7 30. dxe6+ fxe6 31. Qxg4 Qb3 32. Qg7+ Kc6 33. Qa7 Rc2 34. Qxa6+ Kc7 35. Qa7+ Kc6 36. Rb1 Rxg2 37. f4 Rc2 38. Qa8+ Kb6 39. Qb8+ Kc6 40. Qc8+ Kb6 41. Qd7 Qd5 42. Qh7 Qc4 43. Qd7 Qd5 44. Qh7 Rc4 45. Rf1 b4 46. Qh3 bxa3 47. Qxa3 Qd4 48. Qb3+ Ka5 49. Rd1 Qxf4 50. Qd3 d5 51. b3 Rc1+ 52. Rxc1 Qxc1+ 53. Ka2 Kb6 54. Qe2 Qc6 55. Qe3+ Kb7 56. Qe5 Qd7 57. Kb2 d4 58. Qe4+ Kb6 59. Qe5 Kc6 60. Qa5 Kd6 61. Qb4+ Kd5 62. Qa5+ Ke4 63. Qe1+ Kf5 64. Qf2+ Kg6 65. Qg3+ Kf7 66. Qf4+ Ke8 67. Qb8+ Ke7 68. Qb4+ Kf7 69. Qc4 Kg7 70. b4 e5 71. b5 d3 72. Kc1 Kf6 73. Kd2 Ke7 74. Qxd3 Qxd3+ 75. Kxd3 Kd6 76. Ke4 Kc5 77. Kxe5 Kxb5 1/2-1/2

[Event "GER-chT Betriebe 15th"]
[Site "Munich"]
[Date "2015.10.23"]
[Round "3.2"]
[White "Gikas, Andreas Basilius"]
[Black "Seidler, Lukas"]
[Result "1-0"]
[WhiteElo "2208"]
[BlackElo "2211"]
[PlyCount "77"]
[EventDate "2015.10.22"]
[EventType "team-swiss"]
[EventRounds "7"]
[EventCountry "GER"]
[SourceTitle "EXT 2020"]
[Source "ChessBase"]
[SourceDate "2019.10.17"]
[SourceVersion "1"]
[SourceVersionDate "2019.10.17"]
[SourceQuality "1"]
[WhiteTeam "Bonn Deutsche Post"]
[BlackTeam "Wiesbaden R+V Versicherung"]
[WhiteTeamCountry "GER"]
[BlackTeamCountry "GER"]

1. e4 c5 2. Nf3 d6 3. d4 cxd4 4. Nxd4 Nf6 5. Nc3 a6 6. Bg5 e6 7. Qf3 Be7 8. 0-0-0 Qc7 9. Qg3 Nbd7 10. f4 b5 11. Bxf6 Bxf6 12. Bxb5 axb5 13. Ndxb5 Qc5 14. Nxd6+ Kf8 15. e5 Be7 16. Rd3 Ba6 17. Nde4 Qc7 18. Rd4 Rb8 19. Rhd1 Nb6 20. Nd6 Nc4 21. b3 Nb6 22. Kb2 g6 23. Qf3 h5 24. g3 Bb7 25. Qe2 Bd5 26. h3 Kg7 27. f5 gxf5 28. Nxf5+ exf5 29. Nxd5 Nxd5 30. Rxd5 Ba3+ 31. Kxa3 Qc3 32. Rd6 Rhc8 33. Ra6 Rc5 34. Rd3 Qa1 35. Qd2 Qxe5 36. Qg5+ Kf8 37. Rd8+ Rxd8 38. Qxd8+ Qe8 39. Qd6+ 1-0

[Event "Oberliga Sued W 1415"]
[Site "Germany"]
[Date "2015.02.22"]
[Round "7.2"]
[White "Mueller, Reinhold"]
[Black "Seidler, Lukas"]
[Result "1-0"]
[WhiteElo "2280"]
[BlackElo "2190"]
[PlyCount "113"]
[EventDate "2014.09.21"]
[EventType "team-tourn"]
[EventRounds "9"]
[EventCountry "GER"]
[SourceTitle "EXT 2019"]
[Source "ChessBase"]
[SourceDate "2018.10.10"]
[SourceVersion "1"]
[SourceVersionDate "2018.10.10"]
[SourceQuality "1"]
[WhiteTeam "Schwarzenbach Caissa"]
[BlackTeam "Schott Mainz II"]
[WhiteTeamCountry "GER"]
[BlackTeamCountry "GER"]

1. d4 Nf6 2. c4 e6 3. Nf3 Bb4+ 4. Nbd2 d5 5. g3 0-0 6. Bg2 dxc4 7. Qc2 a6 8. Qxc4 Nc6 9. 0-0 Bd6 10. e4 e5 11. dxe5 Bxe5 12. Nxe5 Nxe5 13. Qc2 Be6 14. b3 Qd7 15. Bb2 Nd3 16. Bxf6 gxf6 17. Rad1 Rfd8 18. Nf3 Qb5 19. Qxc7 Rd7 20. Qc3 Ne5 21. Nd4 Qb6 22. Nxe6 Qxe6 23. Rxd7 Qxd7 24. Rc1 Rd8 25. f4 Nc6 26. e5 Nd4 27. Qe3 Nf5 28. Qf2 fxe5 29. fxe5 Qd2 30. Rf1 Qxf2+ 31. Rxf2 Ne3 32. Bf3 b6 33. Re2 Rd3 34. Re1 Rc3 35. Kf2 Nf5 36. Be4 Nd4 37. Rd1 Ne6 38. Rd6 Nc5 39. Bf5 b5 40. b4 Na4 41. Rxa6 Ra3 42. Bb1 Rc3 43. Ra8+ Kg7 44. Ra7 Kg8 45. Be4 h6 46. Bd5 Rc2+ 47. Kf3 Nc3 48. Bxf7+ Kf8 49. Bg6 Rxa2 50. Rf7+ Kg8 51. e6 Nd5 52. Bh7+ Kh8 53. Be4 Ra3+ 54. Kg4 Ne3+ 55. Kh5 Ra2 56. e7 Rxh2+ 57. Kg6 1-0

[Event "Oberliga Sued W 1415"]
[Site "Germany"]
[Date "2014.10.19"]
[Round "2.3"]
[White "Seidler, Lukas"]
[Black "Le Corre, Benjamin"]
[Result "1/2-1/2"]
[WhiteElo "2186"]
[BlackElo "2272"]
[PlyCount "49"]
[EventDate "2014.09.21"]
[EventType "team-tourn"]
[EventRounds "9"]
[EventCountry "GER"]
[SourceTitle "EXT 2019"]
[Source "ChessBase"]
[SourceDate "2018.10.10"]
[SourceVersion "1"]
[SourceVersionDate "2018.10.10"]
[SourceQuality "1"]
[WhiteTeam "Schott Mainz II"]
[BlackTeam "Saarbruecken SVG"]
[WhiteTeamCountry "GER"]
[BlackTeamCountry "GER"]

1. e4 c5 2. Nf3 Nc6 3. d4 cxd4 4. Nxd4 Nf6 5. Nc3 e5 6. Ndb5 d6 7. Bg5 a6 8. Na3 b5 9. Nd5 Be7 10. Bxf6 Bxf6 11. c3 0-0 12. Nc2 Bg5 13. a4 bxa4 14. Rxa4 a5 15. Bc4 Rb8 16. b3 Kh8 17. 0-0 f5 18. exf5 Bxf5 19. Ra2 Be6 20. Re1 Bxd5 21. Qxd5 Ne7 22. Qxa5 d5 23. Qxd8 Rfxd8 24. Bf1 Bf6 25. b4 1/2-1/2

[Event "Bad Woerishofen op 30th"]
[Site "Bad Woerishofen"]
[Date "2014.03.23"]
[Round "8"]
[White "Ivanov, Mikhail M"]
[Black "Seidler, Lukas"]
[Result "1-0"]
[WhiteElo "2367"]
[BlackElo "2177"]
[PlyCount "107"]
[EventDate "2014.03.21"]
[EventType "swiss"]
[EventRounds "9"]
[EventCountry "GER"]
[SourceTitle "CBM 159 Extra"]
[Source "ChessBase"]
[SourceDate "2014.04.24"]
[SourceVersion "1"]
[SourceVersionDate "2014.04.24"]
[SourceQuality "1"]

1. d4 Nf6 2. c4 e6 3. g3 Bb4+ 4. Nd2 Nc6 5. a3 Bxd2+ 6. Qxd2 d6 7. Nf3 0-0 8. Bg2 Ne4 9. Qc2 f5 10. b4 Ne7 11. 0-0 Qe8 12. Ne1 Nf6 13. Nd3 Ng6 14. b5 h5 15. a4 h4 16. c5 d5 17. c6 bxc6 18. Qxc6 Qxc6 19. bxc6 Kf7 20. Ba3 Re8 21. Rab1 Ne4 22. Rfc1 Ba6 23. Rb7 Rec8 24. Bf3 Bxd3 25. exd3 Nf6 26. a5 a6 27. Bd6 Ne8 28. Be5 Nxe5 29. dxe5 g6 30. gxh4 Ng7 31. Rcb1 Kg8 32. Kf1 Kh7 33. Ke2 Kh6 34. Ke3 Nh5 35. R1b4 Ng7 36. Kd4 Ne8 37. Kc5 Ng7 38. Rb1 Ne8 39. Be2 Ng7 40. Rg1 Nh5 41. Bxh5 Kxh5 42. Rg5+ Kh6 43. f4 Rab8 44. h5 gxh5 45. h4 Ra8 46. Rb2 Rg8 47. Rxg8 Rxg8 48. Rb7 Rc8 49. Ra7 Kg7 50. Rxa6 Kf7 51. Ra7 Ke7 52. Rb7 Kd8 53. a6 Ra8 54. a7 1-0

[Event "Bad Woerishofen op 30th"]
[Site "Bad Woerishofen"]
[Date "2014.03.23"]
[Round "4"]
[White "Seidler, Lukas"]
[Black "Schulze, Ulrich"]
[Result "0-1"]
[WhiteElo "2177"]
[BlackElo "2296"]
[PlyCount "42"]
[EventDate "2014.03.21"]
[EventType "swiss"]
[EventRounds "9"]
[EventCountry "GER"]
[SourceTitle "CBM 159 Extra"]
[Source "ChessBase"]
[SourceDate "2014.04.24"]
[SourceVersion "1"]
[SourceVersionDate "2014.04.24"]
[SourceQuality "1"]

1. e4 c6 2. d4 d5 3. Nc3 dxe4 4. Nxe4 Bf5 5. Ng3 Bg6 6. Nf3 Nd7 7. h4 h6 8. h5 Bh7 9. Bd3 Bxd3 10. Qxd3 e6 11. Bd2 Ngf6 12. 0-0-0 Be7 13. Kb1 Qb6 14. Rde1 Rd8 15. Re2 c5 16. d5 Nxd5 17. Nf5 Bf6 18. Qa3 0-0 19. Ba5 Qa6 20. Bxd8 Qxa3 21. bxa3 Nc3+ 0-1

[Event "Oberliga Sued W 1314"]
[Site "Germany"]
[Date "2014.01.19"]
[Round "5.5"]
[White "Bauer, Bjoern Benny"]
[Black "Seidler, Lukas"]
[Result "0-1"]
[WhiteElo "2005"]
[BlackElo "2163"]
[PlyCount "46"]
[EventDate "2013.10.13"]
[EventType "team-tourn"]
[EventRounds "9"]
[EventCountry "GER"]
[SourceTitle "EXT 2015"]
[Source "ChessBase"]
[SourceDate "2014.11.20"]
[SourceVersion "1"]
[SourceVersionDate "2014.11.20"]
[SourceQuality "1"]
[WhiteTeam "Gau Algesheim"]
[BlackTeam "Schott Mainz II"]
[WhiteTeamCountry "GER"]
[BlackTeamCountry "GER"]

1. d4 Nf6 2. c4 e6 3. Nc3 Bb4 4. Qc2 c5 5. Nf3 cxd4 6. Nxd4 Nc6 7. Nxc6 dxc6 8. a3 Be7 9. g3 e5 10. Bg2 Be6 11. Nd1 a5 12. 0-0 a4 13. b3 axb3 14. Qxb3 Qc7 15. Bb2 0-0 16. Qc3 Nd7 17. f4 f6 18. Kh1 Ra4 19. Ne3 Bc5 20. Be4 b5 21. fxe5 Nxe5 22. cxb5 Bxe3 23. Qxe3 Rxe4 0-1

[Event "Basel op"]
[Site "Basel"]
[Date "2014.01.02"]
[Round "2"]
[White "Seidler, Lukas"]
[Black "Naarden, Amindo"]
[Result "1-0"]
[WhiteElo "2162"]
[BlackElo "2100"]
[PlyCount "101"]
[EventDate "2014.01.01"]
[EventType "swiss"]
[EventRounds "7"]
[EventCountry "SUI"]
[SourceTitle "CBM 158 Extra"]
[Source "ChessBase"]
[SourceDate "2014.02.28"]
[SourceVersion "1"]
[SourceVersionDate "2014.02.28"]
[SourceQuality "1"]

1. e4 c6 2. d4 d5 3. Nc3 dxe4 4. Nxe4 Nf6 5. Nxf6+ exf6 6. Nf3 Be6 7. Be2 Bd6 8. 0-0 0-0 9. b3 Qc7 10. Bb2 Nd7 11. c4 Rad8 12. Qc2 Rfe8 13. Rad1 Nf8 14. Rfe1 Bb4 15. Bc3 Bf5 16. Bd3 Bxd3 17. Qxd3 Rxe1+ 18. Rxe1 Bxc3 19. Qxc3 Ne6 20. Re2 h6 21. Kf1 Qf4 22. Qe3 Qg4 23. h3 Qf5 24. Qe4 Qa5 25. Rd2 Ng5 26. Qe3 Nxf3 27. gxf3 Qf5 28. Kg2 a6 29. Kh2 g5 30. Qe4 Qa5 31. Qd3 Kg7 32. d5 cxd5 33. cxd5 Rd6 34. Qd4 Kg6 35. Kg2 Qb5 36. Qe4+ Kg7 37. h4 Qd7 38. h5 f5 39. Qd4+ f6 40. Qd3 Qf7 41. Qxf5 Qxh5 42. Rc2 Qf7 43. Qc8 Qxd5 44. Rc7+ Kg6 45. Qe8+ Kf5 46. Rc5 Qe5 47. Rxe5+ fxe5 48. Qf8+ Rf6 49. Qc8+ Re6 50. Qxb7 h5 51. Qf7+ 1-0

[Event "Oberliga Sued W 1314"]
[Site "Germany"]
[Date "2013.11.10"]
[Round "2.4"]
[White "Seidler, Lukas"]
[Black "Spielmann, Alain"]
[Result "1/2-1/2"]
[WhiteElo "2163"]
[BlackElo "2197"]
[PlyCount "23"]
[EventDate "2013.10.13"]
[EventType "team-tourn"]
[EventRounds "9"]
[EventCountry "GER"]
[SourceTitle "EXT 2015"]
[Source "ChessBase"]
[SourceDate "2014.11.20"]
[SourceVersion "1"]
[SourceVersionDate "2014.11.20"]
[SourceQuality "1"]
[WhiteTeam "Schott Mainz II"]
[BlackTeam "Saarbruecken"]
[WhiteTeamCountry "GER"]
[BlackTeamCountry "GER"]

1. e4 c6 2. d4 d5 3. Nc3 g6 4. f3 Bg7 5. Be3 b5 6. Qd2 dxe4 7. Nxe4 Nd7 8. 0-0-0 Ngf6 9. Nh3 Nb6 10. Nxf6+ Bxf6 11. Ng5 Qd5 12. Kb1 1/2-1/2

[Event "Oberliga Sued W 1213"]
[Site "Germany"]
[Date "2012.11.11"]
[Round "2.6"]
[White "Schuetz, Thomas1111"]
[Black "Seidler, Lukas"]
[Result "0-1"]
[WhiteElo "1919"]
[BlackElo "2043"]
[PlyCount "90"]
[EventDate "2012.10.21"]
[EventType "team-tourn"]
[EventRounds "9"]
[EventCountry "GER"]
[SourceTitle "EXT 2019"]
[Source "ChessBase"]
[SourceDate "2018.10.10"]
[SourceVersion "1"]
[SourceVersionDate "2018.10.10"]
[SourceQuality "1"]
[WhiteTeam "Winterbach Turm"]
[BlackTeam "Schott Mainz II"]
[WhiteTeamCountry "GER"]
[BlackTeamCountry "GER"]

1. d4 Nf6 2. Nf3 e6 3. Bf4 b6 4. e3 Bb7 5. Nbd2 Be7 6. Bd3 Nh5 7. c3 Nxf4 8. exf4 c5 9. dxc5 bxc5 10. Ne5 0-0 11. Qh5 f5 12. Ndf3 d6 13. Ng4 g6 14. Qh6 Rf7 15. Ne3 Nd7 16. 0-0-0 Qa5 17. a3 Bxf3 18. gxf3 d5 19. h4 Bf8 20. Qg5 Qd8 21. h5 Qxg5 22. fxg5 c4 23. hxg6 hxg6 24. Be2 Bc5 25. Rh6 Bxe3+ 26. fxe3 Rh7 27. Rxg6+ Kf7 28. Rh6 Rxh6 29. gxh6 Nf6 30. e4 fxe4 31. fxe4 Nxe4 32. Bh5+ Kf6 33. Rg1 Rh8 34. Rg6+ Kf5 35. Rg7 Rxh6 36. Bg4+ Ke5 37. Bd1 a6 38. Rc7 Rh1 39. Kc2 Rh2+ 40. Kb1 Kd6 41. Ra7 Nc5 42. Ka2 Ke5 43. Rc7 Nd3 44. Rb7 Rh1 45. Bf3 Rf1 0-1

[Event "GER-ch U25"]
[Site "Oberhof"]
[Date "2010.05.28"]
[Round "8"]
[White "Seidler, Lukas"]
[Black "Zentgraf, Robert"]
[Result "1-0"]
[WhiteElo "2089"]
[BlackElo "2107"]
[PlyCount "107"]
[EventDate "2010.05.22"]
[EventType "swiss"]
[EventRounds "9"]
[EventCountry "GER"]
[SourceTitle "CBM 136 Extra"]
[Source "ChessBase"]
[SourceDate "2010.07.02"]
[SourceVersion "2"]
[SourceVersionDate "2010.07.15"]
[SourceQuality "1"]

1. d4 Nf6 2. c4 e5 3. dxe5 Ng4 4. Nf3 Nc6 5. e3 Bb4+ 6. Bd2 Bxd2+ 7. Qxd2 0-0 8. Nc3 Ngxe5 9. Be2 d6 10. 0-0 Be6 11. b3 Re8 12. Nd4 Nxd4 13. exd4 Ng6 14. f4 Qc8 15. Rf2 Bg4 16. Bf1 h5 17. f5 Bxf5 18. Qg5 Ne7 19. Re1 f6 20. Qxh5 Bg6 21. Qf3 c6 22. Qg3 Kf7 23. Qxd6 Nf5 24. Rxe8 Kxe8 25. Qf4 Qd8 26. Qg4 Kf7 27. c5 Ne3 28. Bc4+ Nxc4 29. bxc4 Bd3 30. Ne4 Qe7 31. Nd6+ Kg8 32. g3 b6 33. Qf3 bxc5 34. dxc5 Bb1 35. Qxc6 Rd8 36. Qd5+ Kh7 37. Qh5+ Kg8 38. Qd5+ Kh7 39. Qh5+ Kg8 40. Re2 Qd7 41. Rb2 Be4 42. Re2 f5 43. Qg5 Rb8 44. Nxe4 Rb1+ 45. Kg2 Qd1 46. Rf2 Qg1+ 47. Kh3 fxe4 48. Qd5+ Kh7 49. Qxe4+ Kh6 50. Qe6+ Kh7 51. Qf5+ Kh8 52. Qh5+ Kg8 53. Qe8+ Kh7 54. Rf5 1-0

[Event "GER-ch U25"]
[Site "Oberhof"]
[Date "2010.05.25"]
[Round "4"]
[White "Seidler, Lukas"]
[Black "Adelhuette, Dennis"]
[Result "1-0"]
[WhiteElo "2089"]
[BlackElo "1923"]
[PlyCount "67"]
[EventDate "2010.05.22"]
[EventType "swiss"]
[EventRounds "9"]
[EventCountry "GER"]
[SourceTitle "CBM 136 Extra"]
[Source "ChessBase"]
[SourceDate "2010.07.02"]
[SourceVersion "2"]
[SourceVersionDate "2010.07.15"]
[SourceQuality "1"]

1. e4 e6 2. d4 d5 3. Nc3 Nf6 4. Bg5 Bb4 5. e5 h6 6. Be3 Nfd7 7. Qg4 Kf8 8. Nf3 c5 9. Bd3 Nc6 10. 0-0 a6 11. a3 cxd4 12. Bxd4 Nxd4 13. Qxd4 Bc5 14. Qf4 Kg8 15. h4 Be7 16. h5 Nc5 17. Rad1 Bd7 18. Nd4 Nxd3 19. Rxd3 Bg5 20. Qg3 Kh7 21. f4 Be7 22. Kh2 Bc5 23. Nf3 Rc8 24. f5 Rg8 25. Rfd1 Qe7 26. Qf4 Bb6 27. g4 Rc4 28. Qg3 g5 29. hxg6+ fxg6 30. f6 Qf8 31. Ng5+ Kh8 32. Qh3 h5 33. gxh5 Qh6 34. Nf7+ 1-0